Responses for Show #7573 - Wednesday, July 12, 2017

Contestants

[<< previous game]

Sara-Jane Whitaker, an office clerk from Toronto, Ontario, Canada

Gavin Borchert, a writer and editor from Seattle, Washington

Kelly Lasiter, an administrative assistant from Granite City, Illinois (whose 1-day cash winnings total $22,800)

[next game >>]

Jeopardy! Round responses

WHERE AM I?
BIG & SMALL SCREEN DOCTORS
THOREAU-ING A 200th BIRTHDAY!
(Alex: In honor of Henry David Thoreau's birthday today.)
A PODCAST OF CHARACTERS
GIVE ME 5 "CC"s
STAT!
    $200 6
(Kelly: What is Ho Chi Minh City?)

Hanoi

Kelly
Triple Stumper
    $200 11
the Hulk or Bruce Banner

Kelly
    $200 12
Concord

Gavin
    $200 23
Kim Kardashian

Sara-Jane
    $200 1
accelerate

Kelly
    $200 15
Florida

Sara-Jane
    $400 7
Bora Bora

Sara-Jane
    $400 14
Dr. Strangelove

Kelly
    $400 13
Louisa May Alcott

Sara-Jane
    $400 24
The Shawshank Redemption

Gavin
    $400 2
moccasin

Kelly
    $400 19
the Security Council

Sara-Jane
    $600 8
(Gavin: What is Johannesburg?)
(Kelly: What is Cape Town?)

Pretoria

KellyGavinSara-Jane
    $600 16
Tracee Ellis Ross

Gavin
    $600 25
Cape Cod

Kelly
    $600 28
(Gavin: Who is Dan Rather?)

Bob Schieffer

Gavin
Triple Stumper
    $600 3
bocce

Gavin
    $600 20
(Gavin: What is home runs?)

RBI (runs batted in)

GavinSara-Jane
    $800 9
Pitcairn

Gavin
    $800 17
Dr. Evil

Sara-Jane
    $1,800 26
(Alex: Transcendentalist.)

Emerson

Kelly
    $800 29
revisionist

Triple Stumper
    $800 4
eccentric

Kelly
    $800 21
0 to 60

Sara-Jane
    $1000 10
Wiesbaden

Triple Stumper
    $1000 18
Childrens Hospital

Gavin
    $1000 27
(Kelly: What is "Walden Pond"?)
(Gavin: What is Walden?)
...
[ERRATUM: An extra single quotation mark follows "least" in the clue as given.]

"Civil Disobedience"

KellyGavin
Triple Stumper
    $1000 30
Left, Right & Center

Triple Stumper
    $1000 5
a hiccup

Sara-Jane
    $1000 22
the Chunnel

Gavin

Scores at the first commercial break (after clue 15):

Kelly Gavin Sara-Jane
$1,200 $1,000 $2,600

Scores at the end of the Jeopardy! Round:

Kelly Gavin Sara-Jane
$2,600 $1,800 $5,400

Double Jeopardy! Round responses

THE PITTSBURGH ADDRESS
GEOG. DICT. ABBREV.
TURN ON YOUR HEAVY METAL DEFECTOR
HODGEPODGE
KABOOM!
(Alex: I don't know what that's about.)
BIBLICAL BEFORE & AFTER
    $400 16
FDR

Gavin
    $400 1
Air Force base

Gavin
    $400 14
Ozzy Osbourne

Kelly
    $400 6
Oprah

Gavin
    $400 11
dynamite

Sara-Jane
    $400 9
the Prodigal Son-in-law

Sara-Jane
    $800 17
(George C.) Marshall

Sara-Jane
    $800 2
a socialist republic

Kelly
    $800 20
Van Halen

Gavin
    $800 7
the gallbladder

Kelly
    $800 23
the Manhattan Project

Kelly
    $800 10
30 pieces of silver screen

Gavin
    $1,500 28
(Sara-Jane: What is coal?)

steel

Sara-Jane
    $1200 3
autonomous

Gavin
    $1200 21
AC/DC

Gavin
    $1200 8
bridge

Kelly
    $1200 24
the Big Bang

Sara-Jane
    $1200 15
(Kelly: Uh... no.)

the three wise Men at Work

Kelly
Triple Stumper
    $1600 29
Dan Marino

Triple Stumper
    $1600 4
a game reserve

Triple Stumper
    $1600 22
Iron Maiden

Kelly
    $1600 12
a coping saw

Gavin
    $1,500 25
(Sara-Jane: What is demolition?)

implosion

Sara-Jane
    $1600 18
Herod the Great Wall of China

Kelly
    $2000 30
society

Kelly
    $2000 5
(Kelly: What is a National Historical Site?)

National Historic Site

Kelly
Triple Stumper
    $2000 27
Slash

Sara-Jane
    $2000 13
Cornwall

Gavin
    $2000 26
Russia

Gavin
    $2000 19
the burning Bush Doctrine

Gavin

Scores at the end of the Double Jeopardy! Round:

Kelly Gavin Sara-Jane
$8,600 $14,600 $7,200

[wagering suggestions for these scores]

Final Jeopardy! Round responses

WORLD LEADERS
Sara-JaneWho is Fidel Castro?
$7,200
KellyWho is Josef Stalin? Fidel Castro
$5,800
GavinWho — was Fidel Castro?
$5,000
Fidel Castro

Final scores:

Kelly Gavin Sara-Jane
$14,400 $19,600 $14,400
2nd place: $2,000 New champion: $19,600 3rd place: $1,000

Game dynamics:

Coryat scores:

Kelly Gavin Sara-Jane
$7,600 $14,600 $10,200
15 R
(including 1 DD),
5 W
18 R,
4 W
15 R,
2 W
(including 2 DDs)

Combined Coryat: $32,400

[game clues] [game scores] [suggest correction]

Game tape date: Unknown
The J! Archive is created by fans, for fans. Scraping, republication, monetization, and malicious use prohibited; this site may use cookies and collect identifying information. See terms. The Jeopardy! game show and all elements thereof, including but not limited to copyright and trademark thereto, are the property of Jeopardy Productions, Inc. and are protected under law. This website is not affiliated with, sponsored by, or operated by Jeopardy Productions, Inc. Join the discussion at JBoard.tv.